Dinámica de grupos y educación: fundamentos y técnicas

সংরক্ষণ করুন:
গ্রন্থ-পঞ্জীর বিবরন
প্রধান লেখক: Cirigliano, Gustavo F. J (Author), Villaverde, Aníbal (Author)
বিন্যাস: গ্রন্থ
ভাষা:স্প্যানিশ
প্রকাশিত: Buenos Aires Humanitas 1981
সংস্করন:14a. ed
মালা:Colección Guidance, 4
বিষয়গুলি:
ট্যাগগুলো: ট্যাগ যুক্ত করুন
কোনো ট্যাগ নেই, প্রথমজন হিসাবে ট্যাগ করুন!

MARC

LEADER 00000nam a2200000 a 4500
001 UCR7919
003 CL-VaPUC
008 980519e19810000AG |||||||||||||||||spa|d
082 0 4 |a 302.3  |b CIR  |2 21 
100 0 |a Cirigliano, Gustavo F. J  |e author  |9 409462 
700 0 |a Villaverde, Aníbal  |e author  |9 409463 
245 1 0 |a Dinámica de grupos y educación: fundamentos y técnicas 
250 |a 14a. ed 
300 |a 238 p 
942 |c BK 
945 |d 19980519 00:00:00  |a crobeson 
260 |a Buenos Aires  |b Humanitas  |c 1981 
650 0 |a Dinámica de grupos   |9 259862 
650 0 |a Educación  |9 258661 
583 |a last modification  |c 19980519 00:00:00  |k Rodrigo Vera 
490 0 |a Colección Guidance, 4 
999 |c 269495  |d 269493 
952 |0 0  |1 0  |4 0  |6 302_300000000000000_CIR_1981  |7 0  |8 A  |9 303247  |a BIBGIM  |b BIBGIM  |d 2019-11-20  |i 1999834  |o 302.3 CIR 1981  |p 1999834  |r 2025-01-15  |w 2019-11-20  |y BK  |k SSL